00347nam a2200133Ia 450000500170000000800410001702000180005808200200007610000200009624500390011626000270015530000120018265000190019420250326132929.0231217s9999 xx 000 0 und d a9788178815015 a658.3 RAJ;1 R aRaju, P V L ed. 0aWork place : changing perspectives c2005bIcfaiaHyderabad aix, 255 aplace,changing